Plus grandes villes d'Allemagne - Statistiques

Statistiques générales
  • Ce quiz a été pris 65 fois
  • Le résultat moyen est 7 sur 10
Statistiques - réponses
Hint Réponse % Correct
3,7 millions d'habitants Berlin
100%
1,5 million d'habitants Munich
90%
750 000 habitants Francfort
87%
1,9 million d'habitants Hamburg
87%
1,1 million d'habitants Cologne
79%
600 000 habitants Dortmund
70%
640 000 habitants Stuttgart
67%
600 000 habitants Leipzig
57%
620 000 habitants Düsseldorf
54%
590 000 habitants Essen
26%
Aucun quiz correspondant
Distribution des résultats
% des personnes avec chaque résultat
Percentile par nombre de réponses
Votre historique - résultats
Vous n’avez pas pris ce quiz